Product Design and Manufacturing (Record no. 527595)
[ view plain ]
| 000 -LEADER | |
|---|---|
| fixed length control field | 00355nam a22001337a 4500 |
| 020 ## - INTERNATIONAL STANDARD BOOK NUMBER | |
| International Standard Book Number | 9788122436082 |
| Qualifying information | PB |
| 040 ## - CATALOGING SOURCE | |
| Original cataloging agency | NUST |
| Transcribing agency | NUST |
| 082 ## - DEWEY DECIMAL CLASSIFICATION NUMBER | |
| Classification number | 658.5752 |
| Author Mark | ULR |
| 100 ## - MAIN ENTRY--PERSONAL NAME | |
| Personal name | Srinivasa prakash Regalla |
| 9 (RLIN) | 18924 |
| 245 ## - TITLE STATEMENT | |
| Title | Product Design and Manufacturing |
| 260 ## - PUBLICATION, DISTRIBUTION, ETC. | |
| Place of publication, distribution, etc. | New Delhi . ; |
| Name of publisher, distributor, etc. | New Age int , |
| Date of publication, distribution, etc. | 2014. |
| 300 ## - PHYSICAL DESCRIPTION | |
| Extent | 453 p. ; |
| Other physical details | 24 cm. |
| 942 ## - ADDED ENTRY ELEMENTS (KOHA) | |
| Source of classification or shelving scheme | |
| Koha item type | Book |
| Withdrawn status | Lost status | Source of classification or shelving scheme | Damaged status | Not for loan | Permanent Location | Current Location | Shelving location | Date acquired | Total Checkouts | Full call number | Barcode | Date last seen | Date last checked out | Price effective from | Koha item type |
|---|---|---|---|---|---|---|---|---|---|---|---|---|---|---|---|
| School of Mechanical & Manufacturing Engineering (SMME) | School of Mechanical & Manufacturing Engineering (SMME) | General Stacks | 07/31/2019 | 1 | 658.5752 ULR | SMME-3451 | 02/01/2024 | 09/13/2023 | 07/31/2019 | Book |
